|
|
|
|
| LEADER |
00000nam0a2200000 4500 |
| 001 |
186137 |
| 005 |
20240227113429.0 |
| 035 |
|
|
|a (RuTPU)RU\TPU\book\201961
|
| 035 |
|
|
|a RU\TPU\book\201606
|
| 090 |
|
|
|a 186137
|
| 100 |
|
|
|a 20101025d1915 m y0rusy50 ca
|
| 101 |
0 |
|
|a rus
|
| 102 |
|
|
|a RU
|
| 105 |
|
|
|a y z 000zy
|
| 181 |
|
0 |
|b e
|
| 182 |
|
0 |
|a n
|
| 183 |
|
0 |
|a nc
|2 RDAcarrier
|
| 200 |
1 |
|
|a Россия и проливы. Русская политика в вопросе о Босфоре и Дарданеллах
|f Г. Г. Тельберг
|
| 210 |
|
|
|a Томск
|c Типо-литография Сибирского Т-ва Печатного Дела
|d 1915
|
| 215 |
|
|
|a 19 с.
|
| 283 |
|
|
|a volume
|
| 300 |
|
|
|a Сокращенное изложение публичной лекции, прочитанной в г. Томске 24 февраля 1915 г.
|
| 300 |
|
|
|a Текст в русской дореформенной орфографии
|
| 606 |
1 |
|
|a Внешняя политика России
|x История
|z кон. 17 в.-1917
|2 stltpush
|3 (RuTPU)RU\TPU\subj\65165
|9 81783
|
| 610 |
1 |
|
|a проливы
|
| 610 |
1 |
|
|a 18 век
|
| 610 |
1 |
|
|a 19 век
|
| 610 |
1 |
|
|a 20 век
|
| 610 |
1 |
|
|a Босфор
|
| 610 |
1 |
|
|a Дарданеллы
|
| 686 |
|
|
|a Т3(2)5-6
|2 rubbk
|
| 700 |
|
1 |
|a Тельберг
|b Г. Г.
|c российский юрист и политический деятель
|c профессор Томского университета, министр юстиции в правительстве А. В. Колчака
|f 1881-1954
|g Георгий Густавович
|3 (RuTPU)RU\TPU\pers\19470
|9 7468
|
| 801 |
|
1 |
|a RU
|b 63413507
|c 20101015
|
| 801 |
|
2 |
|a RU
|b 63413507
|c 20210519
|g RCR
|
| 942 |
|
|
|c BK
|